Závěry ke srovnání meziodvětvových bilancí ČSSR, Francie, Itálie, MLR a NSR výzkumná práce č. 34
Salvato in:
| Autore principale: | |
|---|---|
| Altri autori: | |
| Natura: | Libro |
| Lingua: | ceco |
| Pubblicazione: |
Praha
Výzkumný ústav statistiky a účetnictví
1970
|
| Tags: |
Nessun Tag, puoi essere il primo ad aggiungerne!!
|
MARC
| LEADER | 00000nam a2200000 4500 | ||
|---|---|---|---|
| 001 | c111323 | ||
| 005 | 20041019155149.4 | ||
| 041 | 0 | |a cze | |
| 044 | |a CZ | ||
| 245 | 1 | 0 | |a Závěry ke srovnání meziodvětvových bilancí ČSSR, Francie, Itálie, MLR a NSR |b výzkumná práce č. 34 |c Jaroslav Jílek, Jana Spilková |
| 264 | 1 | |a Praha |b Výzkumný ústav statistiky a účetnictví |c 1970 | |
| 300 | |a 29 s. |e 31 tab. | ||
| 100 | 1 | |a Jílek, Jaroslav | |
| 700 | 1 | |a Spilková, Jana | |